01129 2200361 4500001002100000005001500021035002000036007000300056008004100059020002200100082001500122084001700137100003200154245012800186250003400314300003100348650001600379700002300395700003600418700003100454700003100485264003200516336002100548337003000569338002300599040002200622090002200644850001200666504002500678999002200703990002200725990002000747INLIS00000000088542520240402091227 a0010-0424000052ta240402s2023 yoi g eng d a978-623-02-7323-004223a610.73 a610.73 NIK n0 aNikmatul FadilahePengarang10aNursing ethics and health law /cNikmatul Fadilah, Minarti; penyunting, Christantie Effendy, Suyantiningsih, Willy Prasetya aCetakan pertama, Oktober 2023 aviii, 122 halaman ;c23 cm 4aKeperawatan0 aMinartiePengarang0 aChristantie EffendyePenyunting0 aSuyantiningsihePenyunting0 aWilly PrasetyaePenyunting31aSleman :bDeepublish,c2023 2rdacontentateks 2rdamediaatanpa perantara 2rdacarrieravolume aYOPDYOGbinderda aCB-D.11 2023-4420 aYOPDYOG aTermasuk bibliografi aCB-D.11/2023-4420 aCB-D.11/2023-4420 a72153-PD/A.2024